000 00647nam a2200277Ia 4500
005 20260324112851.0
008 008 260324s9999 xx 000 0 eng d
020 _a9781003494942
037 _aEBOOK
040 _aCRL
040 _beng
040 _cCRL
041 _2eng
041 _aeng
084 _qCRL
100 _aMark S. Reed
_91144460
245 4 _aThe Researcher’s Guide to Influencing Policy
260 _bTaylor and Francis
260 _c2024
365 _a
365 _b230
856 _uhttp://www.taylorfrancis.com/books/9781003494942
942 _cEBOOK
999 _c1733836
_d1733836